00734 2200229 4500001002100000005001500021035002000036007000300056008004100059082000800100084001400108100001900122245018700141250001000328260004000338300002800378650003700406700002000443700001900463990001100482990001100493INLIS00000000000696620210305032306 a0010-0321000336ta210305 g 0 ind  a810 a810 DIA r0 aDIAN, Oktorini1 aRomansa Kelam di Kampung Ujung :bKumpulan Kisah Kecil Para Warga Binaan Lapas Narkotika Di Provinsi Kepulauan Bangka Belitung /cDian Oktorini; editor, Allyya Saputro, Majayus Irone acet.1 a[s.l] :bSumber Sarana Prima,c2016 axiv, 378 hal. ;c21 cm. 4aKESUSASTRAAN INDONESIA. KUMPULAN0 aALLYYA, Saputro0 aMAJAYUS, Irone a4968 a a6181 a